The bankers
Đã lưu trong:
| Hovedforfatter: | |
|---|---|
| Format: | Bog |
| Sprog: | Undetermined |
| Udgivet: |
New York
Weybright and Talley
1974
|
| Fag: | |
| Tags: |
Tilføj Tag
Ingen Tags, Vær først til at tagge denne postø!
|
| Thư viện lưu trữ: | Trung tâm Học liệu Trường Đại học Cần Thơ |
|---|
| LEADER | 00547nam a2200205Ia 4500 | ||
|---|---|---|---|
| 001 | CTU_89160 | ||
| 008 | 210402s9999 xx 000 0 und d | ||
| 082 | |a 332.1 | ||
| 082 | |b M468 | ||
| 100 | |a Mayer, Martin | ||
| 245 | 4 | |a The bankers | |
| 245 | 0 | |c Martin Mayer | |
| 260 | |a New York | ||
| 260 | |b Weybright and Talley | ||
| 260 | |c 1974 | ||
| 650 | |a Banks and banking,Federal reserve banks,Banks and banking | ||
| 650 | |x United states | ||
| 650 | |z Europe | ||
| 904 | |i M.Loan | ||
| 980 | |a Trung tâm Học liệu Trường Đại học Cần Thơ | ||